000 004240000a22001690004500
003 MACL
005 20160803134405.0
008 160803b xxu||||| |||| 00| 0 eng d
040 _aMACL
_cMACL
041 _aEnglish
082 _a954 ART
100 _aBartlett, Ellis Ashmead
_966045
245 _aWith The Turks in Thrace
260 _bWilliam Heinemann
_aLondon
650 _aHistory
_966046
942 _cBK
_k954/ART
_2ddc
999 _c37062
_d37062